¿Por qué Vietnam? / (Record no. 20684)
[ view plain ]
| 000 -CABECERA | |
|---|---|
| campo de control de longitud fija | 00771nam a2200229 a 4500 |
| 001 - NÚMERO DE CONTROL | |
| campo de control | 000021183 |
| 005 - FECHA Y HORA DE LA ÚLTIMA TRANSACCIÓN | |
| campo de control | 20200930011245.0 |
| 008 - DATOS DE LONGITUD FIJA--INFORMACIÓN GENERAL | |
| campo de control de longitud fija | 100901s1966 ag 000 0 spa d |
| 040 ## - FUENTE DE LA CATALOGACIÓN | |
| Centro catalogador/agencia de origen | DO-SdBNP |
| Lengua de catalogación | spa |
| Centro/agencia transcriptor | BNPHU |
| 041 17 - CÓDIGO DE LENGUA | |
| Código de lengua del texto/banda sonora o título independiente | spa |
| Código de lengua original | eng |
| Fuente del código | Código de idiomas MARC |
| 082 ## - NÚMERO DE LA CLASIFICACIÓN DECIMAL DEWEY | |
| Número de clasificación | 959.7 |
| Número de documento/Ítem | T765p |
| 049 ## - FONDOS LOCALES (OCLC) | |
| Fondos de biblioteca | BNGR |
| 100 1# - ENTRADA PRINCIPAL--NOMBRE DE PERSONA | |
| Nombre de persona | Trager, Frank N. |
| 9 (RLIN) | 44284 |
| 240 10 - TÍTULO UNIFORME | |
| Título uniforme | Why Viet Nam!. |
| Lenguaje de la obra | Español |
| 245 11 - MENCIÓN DE TÍTULO | |
| Título | ¿Por qué Vietnam? / |
| Mención de responsabilidad, etc. | Frank N. Trager ; traducción Frederick A. Praeger. |
| 260 ## - PUBLICACIÓN, DISTRIBUCIÓN, ETC. | |
| Lugar de publicación, distribución, etc. | Buenos Aires, (Argentina) : |
| Nombre del editor, distribuidor, etc. | Editorial Americana, |
| Fecha de publicación, distribución, etc. | 1966. |
| 300 ## - DESCRIPCIÓN FÍSICA | |
| Extensión | 239 p. ; |
| Dimensiones | 20 cm. |
| 534 ## - NOTA SOBRE LA VERSIÓN ORIGINAL | |
| Encabezamiento principal del original | Tílulo en inglés : |
| Mención de título del original | Why Viet Nam! |
| 650 #4 - PUNTO DE ACCESO ADICIONAL DE MATERIA--TÉRMINO DE MATERIA | |
| Término de materia o nombre geográfico como elemento de entrada | Vietnam |
| Subdivisión general | Historia |
| 9 (RLIN) | 44285 |
| 650 #4 - PUNTO DE ACCESO ADICIONAL DE MATERIA--TÉRMINO DE MATERIA | |
| Término de materia o nombre geográfico como elemento de entrada | Vietnam |
| Subdivisión general | Política y gobierno |
| 9 (RLIN) | 44286 |
| 700 1# - PUNTO DE ACCESO ADICIONAL--NOMBRE DE PERSONA | |
| Nombre de persona | Praeger, Frederick A., |
| Término indicativo de función/relación | tr. |
| 9 (RLIN) | 44287 |
| Estado de retiro | Estado de pérdida | Restricciones de uso | No para préstamo | Código de colección | Localización permanente | Ubicación/localización actual | Ubicación en estantería | Fecha de adquisición | Número de inventario | Total de préstamos | Signatura topográfica completa | Código de barras | Fecha visto por última vez | Precio válido a partir de | Tipo de ítem Koha |
|---|---|---|---|---|---|---|---|---|---|---|---|---|---|---|---|
| Monografías: Libros y Folletos | General | General | En catalogación | 01.09.2010 | LF1 | 959.7 T765p | 21183-10 | 25.06.2020 | 25.06.2020 | Préstamo en sala |
